00362 2200145 4500001002100000005001500021035002000036245005400056100001900110300001200129260004100141082000800182084001400190990001200204INLIS00000000000164420250429080433 a0010-04250000601 aPegangan Da'wah dan Teks Pidato /cAchmad Sunarto0 aAchmad Sunarto a103 hlm aSurabaya :bBintang Terang 99,c1987 a200 a200 ACH p a0754694